[Event "52nd Rubinstein Mem"]
[Site "Polanica Zdroj POL"]
[Date "2016.08.24"]
[Round "5.9"]
[White "Gierulski, Kamil"]
[Black "Farkas, Gabor1"]
[Result "0-1"]
[BlackTitle "FM"]
[WhiteElo "2216"]
[BlackElo "2368"]
[WhiteFideId "1163825"]
[BlackFideId "14908034"]
[EventDate "2016.08.20"]

1. e4 c5 2. Nf3 d6 3. d4 cxd4 4. Nxd4 Nf6 5. Nc3 a6 6. h3 e6 7. g4 d5 8. exd5
Nxd5 9. Nde2 Bb4 10. Bg2 O-O 11. a3 Nxc3 12. Qxd8 Rxd8 13. Nxc3 Bxc3+ 14. bxc3
Nc6 15. Rb1 Na5 16. Be3 Nc4 17. Bc5 Rb8 18. Ba7 Ra8 19. Bc5 Rd7 20. Rd1 Rxd1+
21. Kxd1 Bd7 22. Bxb7 Rb8 23. Be4 Rb5 24. Be7 f5 25. a4 Rb1+ 26. Ke2 Rxh1 27.
Bxh1 fxg4 28. hxg4 Bxa4 29. Be4 Bb5 30. Kf3 Kf7 31. Bc5 h6 32. Kg3 g6 33. f4 a5
34. Bd3 a4 35. Bb4 Kf6 36. Bf8 e5 37. fxe5+ Kxe5 38. Kh4 g5+ 39. Kg3 Kd5 40. Bh7
Bd7 41. Bd3 Ne5 42. c4+ Kd4 43. c5 Bc6 44. Bg7 a3 45. Bc4 Bd5 46. Bxd5 Kxd5 47.
c6 Nxc6 0-1

[Event "52nd Rubinstein Mem"]
[Site "Polanica Zdroj POL"]
[Date "2016.08.24"]
[Round "5.10"]
[White "Tomczak, Mikolaj"]
[Black "Zaleski, Lukasz"]
[Result "1-0"]
[WhiteTitle "FM"]
[WhiteElo "2298"]
[BlackElo "2219"]
[WhiteFideId "1175114"]
[BlackFideId "1172611"]
[EventDate "2016.08.20"]

1. e4 e6 2. d4 d5 3. exd5 exd5 4. Nf3 Nf6 5. Bd3 Bd6 6. O-O O-O 7. Bg5 Bg4 8.
Nbd2 Nbd7 9. c4 dxc4 10. Nxc4 Nb6 11. Nce5 Be6 12. Re1 Nbd5 13. a3 c6 14. Qc2 h6
15. Bd2 Re8 16. Rad1 Qc7 17. Qc1 Bf8 18. Bb1 c5 19. dxc5 Qxc5 20. Qxc5 Bxc5 21.
Rc1 Rac8 22. b4 Bb6 23. Nc4 Bc7 24. Na5 Bxa5 25. bxa5 Rxc1 26. Rxc1 Rc8 27.
Rxc8+ Bxc8 28. Nd4 Bd7 29. Bd3 Kf8 30. f3 Ke7 31. Be1 Ne8 32. Bf2 Nd6 33. Nb3
Bb5 34. Bc2 b6 35. axb6 Nxb6 36. Nd4 Bd7 37. Be1 Nb5 38. Bb4+ Kf6 39. Nxb5 Bxb5
40. Bc3+ Ke7 41. Bxg7 Nc4 42. a4 Bc6 43. Bxh6 Nb2 44. Be3 Nxa4 45. Bxa7 Nc3 46.
Kf2 f6 47. Bd4 Nb5 48. Bc5+ Kf7 49. h4 Nc7 50. g4 Ne6 51. Bb3 Bd7 52. Kg3 Kg7
53. Be3 Nc7 54. Bd4 Ne8 55. Bc3 Kg6 56. h5+ Kh7 57. Bf7 Kg7 58. Bg6 Nc7 59. g5
Nd5 60. Bd4 Bc6 61. Be4 Bb7 62. Bxf6+ 1-0

[Event "52nd Rubinstein Mem"]
[Site "Polanica Zdroj POL"]
[Date "2016.08.24"]
[Round "5.11"]
[White "Dubinski, Mateusz"]
[Black "Praczukowski, Stanislaw"]
[Result "1-0"]
[WhiteTitle "CM"]
[WhiteElo "2202"]
[BlackElo "2096"]
[WhiteFideId "1125923"]
[BlackFideId "1182730"]
[EventDate "2016.08.20"]

1. d4 Nf6 2. g3 e6 3. Bg2 d5 4. Nf3 Be7 5. O-O O-O 6. c4 dxc4 7. Ne5 c5 8. dxc5
Bxc5 9. Nxc4 Nc6 10. Qxd8 Rxd8 11. Nc3 Bd7 12. Bf4 Be8 13. Rac1 Rac8 14. Nb5 e5
15. Bg5 h6 16. Bxf6 gxf6 17. Rfd1 Rxd1+ 18. Rxd1 Nd4 19. Nbd6 Bxd6 20. Nxd6 Rd8
21. Nxe8 Nxe2+ 22. Kf1 Rxd1+ 23. Kxe2 Rb1 24. b3 Rb2+ 25. Ke3 b5 26. Nxf6+ Kg7
27. Ne8+ Kf8 28. Nc7 b4 29. Na6 Rxa2 30. Nxb4 Ra3 31. Bd5 f6 32. Nc2 Ra5 33. Bc4
Rc5 34. Ke4 a5 35. Ne3 Kg7 36. Kf5 Rc6 37. h4 Rc5 38. Ke6 Kg6 39. Bd3+ Kg7 40.
Bc4 Kg6 41. Bd5 Rb5 42. Kd6 Rb4 43. Kc5 Kg7 44. h5 Rb8 45. Nf5+ Kh7 46. Nd6 1-0

[Event "52nd Rubinstein Mem"]
[Site "Polanica Zdroj POL"]
[Date "2016.08.24"]
[Round "5.12"]
[White "Lukasiewicz, Krzysztof"]
[Black "Goslawski, Michal"]
[Result "1-0"]
[WhiteElo "2120"]
[BlackElo "2168"]
[WhiteFideId "1166042"]
[BlackFideId "1171259"]
[EventDate "2016.08.20"]

1. e4 e5 2. Nf3 Nf6 3. Nc3 Nc6 4. d4 exd4 5. Nxd4 Bb4 6. Nxc6 bxc6 7. Bd3 d5 8.
exd5 cxd5 9. O-O O-O 10. h3 h6 11. Qf3 Re8 12. Bf4 c6 13. Ne2 Bd6 14. b3 Bxf4
15. Nxf4 Bb7 16. c4 a5 17. Rad1 Qb6 18. Nh5 Nxh5 19. Qxh5 Re6 20. Qf5 g6 21. Qf4
Kg7 22. cxd5 cxd5 23. Rc1 Rae8 24. Rc7 Rf6 25. Qg3 Rd6 26. Rfc1 Rf6 27. Rf1 Rc6 1-0

[Event "52nd Rubinstein Mem"]
[Site "Polanica Zdroj POL"]
[Date "2016.08.24"]
[Round "5.13"]
[White "Rozycki, Bartlomiej"]
[Black "Piotrowski, Przemyslaw"]
[Result "1/2-1/2"]
[WhiteElo "2118"]
[BlackElo "2155"]
[WhiteFideId "1106996"]
[BlackFideId "1127063"]
[EventDate "2016.08.20"]

1. e4 c5 2. Nf3 Nc6 3. Bb5 g6 4. Bxc6 dxc6 5. h3 Bg7 6. d3 Nf6 7. Nc3 Nd7 8. Be3
e5 9. O-O Qe7 10. Nh2 Nf8 11. f4 exf4 12. Bxf4 Ne6 13. Bg3 Nd4 14. Nf3 Be6 15.
e5 Nf5 16. Bf4 Bd5 17. Nxd5 cxd5 18. d4 h6 19. c3 O-O 20. Qd2 Kh7 21. Kh2 Rac8
22. Rae1 Rc6 23. Qf2 cxd4 24. Nxd4 Nxd4 25. Qxd4 Qc5 26. Rd1 Qxd4 27. Rxd4 f6
28. e6 Rxe6 29. Rxd5 Rf7 30. Rfd1 g5 31. Bb8 a6 32. Kg3 Re2 33. R1d2 Rfe7 34.
Ba7 b5 35. Bc5 R7e5 36. Ba7 Kg6 37. Kf3 Rxd5 38. Kxe2 Re5+ 39. Kf3 Re6 40. b3
Rc6 41. Rc2 f5 42. c4 bxc4 43. bxc4 h5 44. Bf2 Re6 45. g4 fxg4+ 46. hxg4 1/2-1/2

[Event "52nd Rubinstein Mem"]
[Site "Polanica Zdroj POL"]
[Date "2016.08.24"]
[Round "5.14"]
[White "Wisniewski, Michal"]
[Black "Kowalski, Igor"]
[Result "0-1"]
[WhiteElo "2197"]
[BlackElo "2055"]
[WhiteFideId "1159682"]
[BlackFideId "1172468"]
[EventDate "2016.08.20"]

1. e4 e6 2. d4 d5 3. Nd2 c5 4. exd5 Qxd5 5. Ngf3 cxd4 6. Bc4 Qd6 7. Qe2 Nf6 8.
Nb3 Nc6 9. Bg5 a6 10. O-O-O Qc7 11. Nbxd4 Nxd4 12. Nxd4 Be7 13. Rhe1 h6 14. Bxf6
Qf4+ 15. Kb1 Qxf6 16. f4 O-O 17. f5 e5 18. Qxe5 Qxe5 19. Rxe5 Bf6 20. Ree1 Rd8
21. c3 Bxd4 22. Rxd4 Bxf5+ 23. Ka1 Rxd4 24. cxd4 Rd8 25. Rd1 Kf8 26. Bb3 f6 27.
a4 Ke7 28. Ka2 Kd6 29. Ka3 Re8 30. Rd2 Re3 31. Kb4 a5+ 32. Kc4 Bg4 33. Bc2 Be2+
34. Bd3 Bxd3+ 35. Rxd3 Rxd3 36. Kxd3 f5 37. Ke3 g5 38. g3 Kd5 39. b3 Kc6 40. Kd3
b5 41. axb5+ Kxb5 42. Ke3 Kc6 43. Kd3 Kd5 44. Ke3 f4+ 0-1

[Event "52nd Rubinstein Mem"]
[Site "Polanica Zdroj POL"]
[Date "2016.08.24"]
[Round "5.15"]
[White "Betkowski, Andrzej"]
[Black "Kulas, Szymon"]
[Result "0-1"]
[WhiteElo "2111"]
[BlackElo "2210"]
[WhiteFideId "1102036"]
[BlackFideId "1178989"]
[EventDate "2016.08.20"]

1. e4 e6 2. d4 d5 3. Nc3 Bb4 4. e5 c5 5. Bd2 cxd4 6. Nb5 Bxd2+ 7. Qxd2 Nc6 8. f4
Nh6 9. Nd6+ Kf8 10. Nf3 Qb6 11. Bd3 Qb4 12. Qxb4 Nxb4 13. Nxd4 Ke7 14. Kd2 Bd7
15. Be2 Nc6 16. c3 f6 17. Nxc6+ bxc6 18. b4 Nf7 19. Nxf7 Kxf7 20. c4 Rhb8 21. a3
c5 22. Rhb1 cxb4 23. Rxb4 a5 24. Rxb8 Rxb8 25. cxd5 Rb2+ 26. Ke3 exd5 27. Bf3
fxe5 28. fxe5 Ke6 29. Kd4 Rd2+ 30. Kc3 Rf2 31. Rd1 Bc6 32. Kd4 Rc2 33. Bg4+ Ke7
34. Bh3 Rc4+ 35. Kd3 Bb5 36. Kd2 Rd4+ 37. Kc1 Rxd1+ 38. Kxd1 Bd7 39. g4 h5 40.
Kc2 Bxg4 41. Bg2 Ke6 42. h3 Be2 0-1

[Event "52nd Rubinstein Mem"]
[Site "Polanica Zdroj POL"]
[Date "2016.08.24"]
[Round "5.16"]
[White "Mazalon, Mariusz"]
[Black "Chmiel, Marcin"]
[Result "1/2-1/2"]
[WhiteElo "2057"]
[BlackElo "2194"]
[WhiteFideId "1103105"]
[BlackFideId "1135503"]
[EventDate "2016.08.20"]

1. d4 d5 2. c4 dxc4 3. e3 e6 4. Bxc4 Nf6 5. Nf3 c5 6. O-O a6 7. Bb3 Nc6 8. Nc3
Be7 9. Qe2 cxd4 10. Rd1 O-O 11. exd4 Na5 12. Bc2 b5 13. Ne5 Bb7 14. Bg5 Rc8 15.
Rac1 b4 16. Na4 Qd5 17. f3 Rcd8 18. Be4 Qb5 19. Qxb5 axb5 20. Nc5 Bxe4 21. fxe4
h6 22. Bh4 g5 23. Bf2 Rc8 24. Be1 Nc6 25. Nxc6 Rxc6 26. Bxb4 Nxe4 27. Nxe4 Rxc1
28. Rxc1 Bxb4 29. a3 Ba5 30. Rc6 Rd8 31. Nd6 b4 32. Kf2 bxa3 33. bxa3 Kg7 34.
Ke3 Rb8 35. Nc4 Rb3+ 36. Ke4 Be1 37. a4 Rb4 38. a5 Ra4 39. a6 h5 40. h3 g4 41.
hxg4 hxg4 42. Nd6 Ra5 43. Nc8 Bf2 44. a7 f5+ 45. Kd3 Kf6 46. Rc7 f4 47. Nb6 f3
48. gxf3 g3 49. a8=Q Rxa8 50. Nxa8 g2 51. Rc1 Kf5 52. Nc7 g1=Q 53. Rxg1 Bxg1 54.
Nb5 Kf4 55. Ke2 e5 56. d5 e4 57. fxe4 Kxe4 58. d6 Bb6 59. d7 Ke5 1/2-1/2

[Event "52nd Rubinstein Mem"]
[Site "Polanica Zdroj POL"]
[Date "2016.08.24"]
[Round "5.17"]
[White "Czerw, Dawid"]
[Black "Chomczyk, Marek"]
[Result "1/2-1/2"]
[WhiteElo "2179"]
[BlackElo "2131"]
[WhiteFideId "1145746"]
[BlackFideId "1125826"]
[EventDate "2016.08.20"]

1. d4 Nf6 2. c4 e6 3. g3 d5 4. Bg2 Be7 5. Nf3 O-O 6. O-O dxc4 7. Qc2 a6 8. a4
Bd7 9. Rd1 Bc6 10. Nc3 Nbd7 11. e4 b6 12. Nd2 b5 13. d5 Bb7 14. axb5 exd5 15.
exd5 axb5 16. Rxa8 Bxa8 17. Nxb5 Bxd5 18. Bxd5 Nxd5 19. Nxc4 N7f6 20. Ne3 Qd7
21. Nc3 Nxe3 22. Rxd7 Nxc2 23. Rxe7 c6 24. Rc7 Nb4 25. Bg5 Re8 26. Kg2 Nfd5 27.
Nxd5 cxd5 28. Rd7 f6 29. Bd2 Rb8 30. h4 Nc6 31. Rxd5 Rxb2 32. Be3 h6 33. Rd6 Rc2
34. Rd7 Ne5 35. Ra7 Kh7 36. h5 Ng4 37. Kf3 Nxe3 38. Kxe3 Rc3+ 39. Kf4 Rc4+ 40.
Ke3 Rc1 41. g4 Kg8 42. Kf4 Rc4+ 1/2-1/2

[Event "52nd Rubinstein Mem"]
[Site "Polanica Zdroj POL"]
[Date "2016.08.24"]
[Round "5.18"]
[White "Widla, Piotr"]
[Black "Kanicki, Krzysztof"]
[Result "0-1"]
[WhiteElo "2042"]
[BlackElo "2177"]
[WhiteFideId "1132164"]
[BlackFideId "1163450"]
[EventDate "2016.08.20"]

1. e4 c5 2. Nc3 d6 3. g3 Nc6 4. Bg2 g6 5. d3 Bg7 6. Be3 e6 7. Qd2 Rb8 8. Nh3 b5
9. O-O b4 10. Nd1 a5 11. f4 Nge7 12. c3 a4 13. f5 exf5 14. exf5 Bxf5 15. Rxf5
gxf5 16. Bh6 Be5 17. Ne3 a3 18. Nxf5 axb2 19. Re1 bxc3 20. Qc2 Qb6 21. Nxe7 b1=Q
22. Bxc6+ Kxe7 23. Bg5+ f6 24. Bxf6+ Kxf6 25. Qf2+ Ke7 0-1

[Event "52nd Rubinstein Mem"]
[Site "Polanica Zdroj POL"]
[Date "2016.08.24"]
[Round "5.19"]
[White "Zebracki, Tomasz"]
[Black "Luba, Lukasz"]
[Result "1-0"]
[WhiteElo "2172"]
[BlackElo "2117"]
[WhiteFideId "1181521"]
[BlackFideId "1117289"]
[EventDate "2016.08.20"]

1. e4 g6 2. d4 d6 3. f4 Bg7 4. Nc3 a6 5. Nf3 Bg4 6. Be3 Nd7 7. h3 Bxf3 8. Qxf3
c6 9. Bd3 e6 10. O-O-O Qa5 11. Kb1 Ne7 12. g4 f5 13. exf5 exf5 14. Bd2 Qc7 15.
gxf5 O-O-O 16. fxg6 hxg6 17. d5 c5 18. Rhg1 Rdf8 19. Rde1 Bd4 20. Rg2 Rh7 21. h4
Kb8 22. Rge2 Ne5 23. Qh3 Nxd3 24. Qxd3 Bxc3 25. Bxc3 Rf5 26. Re6 Nxd5 27. Be5
dxe5 28. Qxd5 exf4 29. Re8+ Ka7 30. Qg8 c4 31. Ra8+ Kb6 32. Qxg6+ Qc6 33. Qxf5
Rxh4 34. a4 Rh3 1-0

[Event "52nd Rubinstein Mem"]
[Site "Polanica Zdroj POL"]
[Date "2016.08.24"]
[Round "5.20"]
[White "Leks, Maria"]
[Black "Samborski, Henryk"]
[Result "1/2-1/2"]
[WhiteTitle "WCM"]
[WhiteElo "2142"]
[BlackElo "2114"]
[WhiteFideId "1134957"]
[BlackFideId "1103849"]
[EventDate "2016.08.20"]

1. e4 c5 2. Nf3 d6 3. d4 cxd4 4. Nxd4 Nf6 5. f3 e5 6. Nb3 Be6 7. c4 Qc7 8. Na3
a6 9. Be3 Nbd7 10. Be2 Be7 11. O-O O-O 12. Qd2 Rac8 13. Rac1 Nc5 14. Na1 Bd7 15.
b4 Ne6 16. Rfd1 Qb8 17. Bf1 Ba4 18. Nb3 b6 19. Qf2 b5 20. Qe2 bxc4 21. Rxc4 Rc7
22. Qe1 Rd8 23. Rxc7 Nxc7 24. Nc4 d5 25. Nxe5 Bxb4 26. Qf2 Ne6 27. Ng4 Nxg4 28.
fxg4 dxe4 29. Rxd8+ Qxd8 30. Nd4 Nxd4 31. Bxd4 Qd6 32. Bc4 Be8 33. Qe3 Qc6 34.
Qg5 Bf8 35. Qd5 a5 36. Kf2 Bd6 37. Qxc6 Bxc6 38. g3 Kf8 39. Ke3 Bd7 40. Kxe4
Bxg4 41. Kd5 Bb8 42. Kc6 g5 43. Bf6 h6 44. a4 Ba7 45. h4 Bb8 46. hxg5 h5 47. Kb6
Bxg3 48. Kxa5 h4 49. Bd5 Be2 50. Bg2 Ke8 51. Bc6+ Kf8 52. Bg2 1/2-1/2

[Event "52nd Rubinstein Mem"]
[Site "Polanica Zdroj POL"]
[Date "2016.08.24"]
[Round "5.21"]
[White "Faron, Rafal"]
[Black "Maj, Pawel"]
[Result "1-0"]
[WhiteElo "2008"]
[BlackElo "2087"]
[WhiteFideId "1149768"]
[BlackFideId "21818290"]
[EventDate "2016.08.20"]

1. d4 Nf6 2. c4 c5 3. d5 b5 4. cxb5 a6 5. b6 d6 6. Nc3 g6 7. e4 Bg7 8. Nf3 Nbd7
9. a4 Qxb6 10. a5 Qa7 11. Nd2 O-O 12. Nc4 Rb8 13. Be2 Ne8 14. O-O Nc7 15. Na4
Nb5 16. Nab6 Nxb6 17. Nxb6 Nd4 18. Be3 Bd7 19. Bxa6 Rxb6 20. axb6 Qxb6 21. Bc4
f5 22. Ra6 Qb7 23. Bxd4 Bxd4 24. exf5 Bxf5 25. b3 Be4 26. Qe2 Rf4 27. Kh1 Kf8
28. Rc6 e6 29. f3 Bxd5 30. Bxd5 exd5 31. Rxd6 Rf7 32. Qe6 Qxb3 33. Qxd5 Qb5 34.
Re1 Bc3 35. Rd1 Bd4 36. Re1 Bc3 37. Rd1 Bd4 38. Qe4 Kg7 39. Re6 Bf6 40. Qd5 Qa4
41. Re4 1-0

[Event "52nd Rubinstein Mem"]
[Site "Polanica Zdroj POL"]
[Date "2016.08.24"]
[Round "5.22"]
[White "Bajkowski, Marcin"]
[Black "Kucza, Karol"]
[Result "0-1"]
[BlackTitle "FM"]
[WhiteElo "1927"]
[BlackElo "2307"]
[WhiteFideId "1129139"]
[BlackFideId "1159755"]
[EventDate "2016.08.20"]

1. e4 c5 2. Nf3 d6 3. d4 cxd4 4. Nxd4 Nf6 5. Nc3 g6 6. Be3 Bg7 7. f3 O-O 8. Qd2
Nc6 9. O-O-O d5 10. Nxc6 bxc6 11. e5 Ne8 12. f4 f6 13. exf6 Nxf6 14. Be2 Qa5 15.
Bf3 Ng4 16. Bxg4 Bxg4 17. Rde1 Rab8 18. a3 Rxb2 19. Nb1 Rxb1+ 20. Kxb1 Qxa3 0-1

[Event "52nd Rubinstein Mem"]
[Site "Polanica Zdroj POL"]
[Date "2016.08.24"]
[Round "5.23"]
[White "Psyk, Radoslaw"]
[Black "Lis, Mateusz"]
[Result "1-0"]
[WhiteElo "2161"]
[BlackElo "1994"]
[WhiteFideId "1182838"]
[BlackFideId "1184733"]
[EventDate "2016.08.20"]

1. c4 e5 2. Nc3 Nc6 3. g3 g6 4. Bg2 Bg7 5. e3 d6 6. Nge2 f5 7. d4 Nf6 8. O-O O-O
9. Rb1 Rb8 10. b4 Kh8 11. b5 Ne7 12. dxe5 dxe5 13. Ba3 Qxd1 14. Rfxd1 Re8 15.
Bxe7 Rxe7 16. Rd8+ Re8 17. Rxe8+ Nxe8 18. Rd1 Be6 19. Bd5 Bxd5 20. Rxd5 Nf6 21.
Rc5 Rc8 22. Nd5 Ne8 23. Ne7 Rd8 24. Rd5 Rxd5 25. Nxd5 Kg8 26. Nc1 Kf7 27. Nb3 b6
28. Kf1 Ke6 29. Ke2 Kd7 30. a4 Kd6 31. Nb4 Nf6 32. Nc6 Ne4 33. a5 a6 34. Nb8 c5
35. bxa6 Kc7 36. a7 Kb7 37. axb6 Nc3+ 38. Kf1 Na4 39. Na5+ Ka8 40. b7+ 1-0

[Event "52nd Rubinstein Mem"]
[Site "Polanica Zdroj POL"]
[Date "2016.08.24"]
[Round "5.24"]
[White "Sliwerski, Radoslaw"]
[Black "Vanduyfhuys, Daria"]
[Result "1-0"]
[WhiteElo "2077"]
[BlackElo "1778"]
[WhiteFideId "1115308"]
[BlackFideId "246336"]
[EventDate "2016.08.20"]

1. d4 d5 2. c4 e6 3. Nc3 Nf6 4. cxd5 exd5 5. Bg5 Be7 6. e3 O-O 7. Bd3 Nbd7 8.
Nge2 c6 9. O-O Re8 10. f3 Nf8 11. Qc2 h6 12. Bh4 Ne6 13. Rad1 a6 14. Kh1 Nh5 15.
Bxe7 Qxe7 16. Na4 Qc7 17. b4 a5 18. b5 cxb5 19. Nac3 Qd6 20. Nxb5 Qd8 21. Nec3
Nf6 22. e4 dxe4 23. fxe4 b6 24. Qf2 Rf8 25. e5 Nd5 26. Nxd5 Qxd5 27. Nd6 1-0

[Event "52nd Rubinstein Mem"]
[Site "Polanica Zdroj POL"]
[Date "2016.08.24"]
[Round "5.25"]
[White "Ochowicz, Jakub"]
[Black "Witwicki, Pawel"]
[Result "1-0"]
[WhiteElo "2069"]
[BlackElo "1870"]
[WhiteFideId "1182714"]
[BlackFideId "1136046"]
[EventDate "2016.08.20"]

1. e4 Nf6 2. e5 Nd5 3. d4 d6 4. c4 Nb6 5. exd6 cxd6 6. Nc3 g6 7. Be3 Bg7 8. Be2
O-O 9. Nf3 Bg4 10. h3 Bxf3 11. Bxf3 Nc6 12. Be2 d5 13. c5 Nc8 14. f4 e6 15. O-O
Qf6 16. Qb3 1-0

[Event "52nd Rubinstein Mem"]
[Site "Polanica Zdroj POL"]
[Date "2016.08.25"]
[Round "6.1"]
[White "Cyborowski, Lukasz"]
[Black "Szelag, Marcin"]
[Result "0-1"]
[WhiteTitle "GM"]
[BlackTitle "IM"]
[WhiteElo "2526"]
[BlackElo "2443"]
[WhiteFideId "1108760"]
[BlackFideId "1112228"]
[EventDate "2016.08.20"]

1. c4 g6 2. Nc3 Bg7 3. d4 Nf6 4. e4 d6 5. f3 O-O 6. Be3 c5 7. Nge2 Nc6 8. d5 Ne5
9. Ng3 h5 10. Be2 h4 11. Nf1 e6 12. Nd2 exd5 13. cxd5 a6 14. a4 Bd7 15. a5 b5
16. axb6 Qxb6 17. Ra2 Qb4 18. O-O Bb5 19. Qc2 Nfd7 20. Rfa1 Nb6 21. h3 Bxe2 22.
Nxe2 Nec4 23. Nxc4 Nxc4 24. Bf2 Nxb2 25. Rxa6 Rxa6 26. Rxa6 c4 27. Bxh4 Rb8 28.
Bg3 Qb3 29. Qb1 Nd3 30. Qf1 Qc2 0-1

[Event "52nd Rubinstein Mem"]
[Site "Polanica Zdroj POL"]
[Date "2016.08.25"]
[Round "6.2"]
[White "Malaniuk, Vladimir P"]
[Black "Farkas, Gabor1"]
[Result "0-1"]
[WhiteTitle "GM"]
[BlackTitle "FM"]
[WhiteElo "2471"]
[BlackElo "2368"]
[WhiteFideId "14100177"]
[BlackFideId "14908034"]
[EventDate "2016.08.20"]

1. d4 d5 2. c4 e6 3. Nf3 c6 4. Qc2 dxc4 5. Qxc4 Nf6 6. Qc2 b5 7. e4 Bb7 8. Be3
Nbd7 9. Bd3 a6 10. Nbd2 Rc8 11. Nb3 Bb4+ 12. Bd2 Bxd2+ 13. Nfxd2 e5 14. Nc5 Nxc5
15. dxc5 O-O 16. O-O Rc7 17. Rfd1 Bc8 18. Nf3 Qe7 19. h3 Nh5 20. Qc3 Re8 21. Bf1
Nf4 22. Rd6 f6 23. a4 Qf7 24. Kh2 Qg6 25. Qe3 Qh5 26. b4 Rf8 27. axb5 axb5 28.
Rad1 g5 29. Ng1 g4 30. g3 Ne6 31. h4 Nd4 32. Bg2 f5 33. exf5 Nxf5 34. Qb3+ Rcf7
35. Rd8 Nxh4 36. gxh4 Qxh4+ 37. Nh3 Rxd8 38. Rxd8+ Qxd8 39. Bxc6 0-1

[Event "52nd Rubinstein Mem"]
[Site "Polanica Zdroj POL"]
[Date "2016.08.25"]
[Round "6.3"]
[White "Karpus, Michal"]
[Black "Shishkin, Vadim UKR"]
[Result "0-1"]
[WhiteTitle "FM"]
[BlackTitle "GM"]
[WhiteElo "2240"]
[BlackElo "2469"]
[WhiteFideId "1174088"]
[BlackFideId "14101696"]
[EventDate "2016.08.20"]

1. e4 c5 2. Nf3 Nc6 3. d4 cxd4 4. Nxd4 e6 5. Nc3 Qc7 6. Be3 a6 7. Be2 Nf6 8. O-O
Bb4 9. Nxc6 bxc6 10. Qd4 Bd6 11. f4 e5 12. Qd2 Rb8 13. Bc4 O-O 14. Rad1 Ng4 15.
f5 Be7 16. Kh1 Nxe3 17. Qxe3 Bf6 18. Bb3 Bb7 19. Qc5 Rbc8 20. Rd3 Qd8 21. Qd6
Rc7 22. Rfd1 Re8 23. Na4 Be7 24. Qxe5 d5 25. exd5 Bd6 26. Qc3 cxd5 27. Qd4 Qg5
28. Bxd5 Bxd5 29. Qxd5 Rxc2 30. Rg1 Bb8 31. Qd7 Qxg2+ 32. Rxg2 Re1+ 0-1

[Event "52nd Rubinstein Mem"]
[Site "Polanica Zdroj POL"]
[Date "2016.08.25"]
[Round "6.4"]
[White "Voloshin, Leonid"]
[Black "Tomczak, Mikolaj"]
[Result "1/2-1/2"]
[WhiteTitle "GM"]
[BlackTitle "FM"]
[WhiteElo "2425"]
[BlackElo "2298"]
[WhiteFideId "311111"]
[BlackFideId "1175114"]
[EventDate "2016.08.20"]

1. d4 Nf6 2. Nf3 e6 3. c4 b6 4. a3 Bb7 5. Nc3 d5 6. cxd5 Nxd5 7. Qc2 Nxc3 8.
bxc3 Be7 9. e4 O-O 10. Bd3 c5 11. O-O Qc7 12. Qe2 Nd7 13. Bb2 Rac8 14. Rad1 Rfe8
15. Bb5 Red8 16. d5 exd5 17. exd5 Bf6 18. c4 Bxb2 19. Qxb2 Nf6 20. Ne5 Ne4 21.
Rfe1 Nd6 22. Qb3 Rb8 23. a4 h6 24. Bc6 Ba6 25. Bb5 Bb7 26. Bc6 Ba6 27. Bb5 Bb7 1/2-1/2

[Event "52nd Rubinstein Mem"]
[Site "Polanica Zdroj POL"]
[Date "2016.08.25"]
[Round "6.5"]
[White "Nowak, Kamil"]
[Black "Pavlov, Sergey2"]
[Result "1-0"]
[BlackTitle "IM"]
[WhiteElo "2240"]
[BlackElo "2473"]
[WhiteFideId "1168681"]
[BlackFideId "14114330"]
[EventDate "2016.08.20"]

1. d4 d5 2. Nf3 Nf6 3. c4 dxc4 4. e3 a6 5. Bxc4 b5 6. Bb3 Bb7 7. O-O e6 8. Nc3
Nbd7 9. Qe2 c5 10. Rd1 Qb8 11. d5 c4 12. dxe6 fxe6 13. Bc2 Bd6 14. e4 O-O 15. h3
Qc7 16. a3 Rae8 17. Bg5 Ne5 18. Nd4 Ng6 19. g3 Bc5 20. Be3 Ne5 21. b4 cxb3 22.
Bxb3 Bxd4 23. Bxd4 Nfd7 24. f4 Nc6 25. Bf2 Na5 26. Ba2 Qxc3 27. Be1 Qc6 28. Bxa5
Nc5 29. Rac1 Qxe4 30. Qxe4 Nxe4 31. Bb4 Rf7 32. Bxe6 Nxg3 33. Bxf7+ Kxf7 34.
Rc7+ 1-0

[Event "52nd Rubinstein Mem"]
[Site "Polanica Zdroj POL"]
[Date "2016.08.25"]
[Round "6.6"]
[White "Socko, Monika"]
[Black "Dubinski, Mateusz"]
[Result "1/2-1/2"]
[WhiteTitle "GM"]
[BlackTitle "CM"]
[WhiteElo "2454"]
[BlackElo "2202"]
[WhiteFideId "1106619"]
[BlackFideId "1125923"]
[EventDate "2016.08.20"]

1. d4 d5 2. c4 c6 3. Nf3 Nf6 4. Nc3 e6 5. cxd5 exd5 6. Bg5 Be7 7. Qc2 Nbd7 8. e3
O-O 9. Bd3 g6 10. O-O Nh5 11. Bxe7 Qxe7 12. Rab1 Nb6 13. b4 a6 14. a4 Ng7 15. b5
axb5 16. axb5 c5 17. dxc5 Qxc5 18. Rfc1 Nf5 19. Qd1 Qe7 20. Bxf5 Bxf5 21. Ra1
Rxa1 22. Rxa1 Qc5 23. Rc1 Rc8 24. Nd4 Qa3 25. Nce2 Rxc1 26. Nxc1 Bd7 27. Nd3 Nc4
28. h3 b6 29. Nf4 Nxe3 30. Qe1 Nc4 31. Nxd5 Qd6 32. Ne7+ Kf8 33. Nec6 Bxc6 34.
Nxc6 Qc5 35. Qa1 Kg8 1/2-1/2

[Event "52nd Rubinstein Mem"]
[Site "Polanica Zdroj POL"]
[Date "2016.08.25"]
[Round "6.7"]
[White "Cukrowski, Filip"]
[Black "Pacan-Milej, Kosma"]
[Result "1-0"]
[WhiteTitle "FM"]
[WhiteElo "2381"]
[BlackElo "2127"]
[WhiteFideId "1171097"]
[BlackFideId "21800537"]
[EventDate "2016.08.20"]

1. e4 c5 2. Nc3 a6 3. g3 b5 4. Bg2 Bb7 5. d3 e6 6. Nf3 d6 7. O-O Nf6 8. Qe2 Be7
9. h3 O-O 10. Nh2 d5 11. e5 Nfd7 12. f4 Nc6 13. Nd1 Qc7 14. Ne3 Rae8 15. Nhg4
Kh8 16. Bd2 d4 17. Nd1 f6 18. exf6 Nxf6 19. Nxf6 Bxf6 20. Nf2 Nd8 21. Ne4 g6 22.
Rae1 Bg7 23. h4 e5 24. h5 exf4 25. Bxf4 Be5 26. Nd6 Bxd6 27. Qxe8 Rxe8 28. Rxe8+
Kg7 29. h6+ 1-0

[Event "52nd Rubinstein Mem"]
[Site "Polanica Zdroj POL"]
[Date "2016.08.25"]
[Round "6.8"]
[White "Kowalski, Igor"]
[Black "Siekanski, Janusz"]
[Result "0-1"]
[WhiteElo "2055"]
[BlackElo "2290"]
[WhiteFideId "1172468"]
[BlackFideId "1100599"]
[EventDate "2016.08.20"]

1. d4 d5 2. c4 e6 3. Nc3 c5 4. cxd5 exd5 5. Nf3 Nc6 6. e3 Nf6 7. Be2 cxd4 8.
exd4 h6 9. Ne5 Bb4 10. Nxc6 bxc6 11. Qa4 Qb6 12. O-O O-O 13. Be3 Bf5 14. Rfc1
Rfe8 15. a3 Bd6 16. b4 Rac8 17. Qa6 Qb8 18. h3 Bh2+ 19. Kh1 Bf4 20. Nd1 Bd7 21.
b5 cxb5 22. Bf3 Rc4 23. Nc3 Bxe3 24. fxe3 Qc7 25. Ne2 Re6 26. Rxc4 bxc4 0-1